Catálogo
 En Linea

Recopilación diplomática : (Registro nro. 37421)

Detalles MARC
000 -CABECERA
campo de control de longitud fija 00862nam a2200217 a 4500
001 - NÚMERO DE CONTROL
campo de control 000037931
005 - FECHA Y HORA DE LA ÚLTIMA TRANSACCIÓN
campo de control 20240308073618.0
008 - DATOS DE LONGITUD FIJA--INFORMACIÓN GENERAL
campo de control de longitud fija 130308s2000 dr r 000 0 spa d
020 ## - NÚMERO INTERNACIONAL ESTÁNDAR DEL LIBRO
Número Internacional Estándar del Libro 9993480266
040 ## - FUENTE DE LA CATALOGACIÓN
Centro catalogador/agencia de origen DO-SdBNP
Lengua de catalogación spa
Centro/agencia transcriptor BNPHU
082 ## - NÚMERO DE LA CLASIFICACIÓN DECIMAL DEWEY
Número de clasificación 972.9303
Número de documento/Ítem R311d
245 00 - MENCIÓN DE TÍTULO
Título Recopilación diplomática :
Resto del título relativa a las colonias española y francesa de la isla de Santo Domingo 1684-1801 /
Mención de responsabilidad, etc. Compilador Carlos Esteban Deive.
260 ## - PUBLICACIÓN, DISTRIBUCIÓN, ETC.
Lugar de publicación, distribución, etc. Santo Domingo :
Nombre del editor, distribuidor, etc. Comisión Permanente de la Feria del Libro,
Fecha de publicación, distribución, etc. 2000.
300 ## - DESCRIPCIÓN FÍSICA
Extensión 528 p. ;
Dimensiones 24 cm.
590 ## - NOTA LOCAL (RLIN)
Nota local Inventariado, 2018/BT
651 #4 - PUNTO DE ACCESO ADICIONAL DE MATERIA--NOMBRE GEOGRÁFICO
Nombre geográfico República Dominicana
Subdivisión general Historia
9 (RLIN) 170
651 #4 - PUNTO DE ACCESO ADICIONAL DE MATERIA--NOMBRE GEOGRÁFICO
Nombre geográfico República Dominicana
Subdivisión general Relaciones Exteriores
9 (RLIN) 2258
651 #4 - PUNTO DE ACCESO ADICIONAL DE MATERIA--NOMBRE GEOGRÁFICO
Nombre geográfico Francia
Subdivisión general Relaciones Exteriores
9 (RLIN) 54320
700 1# - PUNTO DE ACCESO ADICIONAL--NOMBRE DE PERSONA
Nombre de persona Deive, Carlos Esteban,
Fechas asociadas al nombre 1935-2019
Término indicativo de función/relación comp.
9 (RLIN) 1916
910 ## - DATOS DE OPCIÓN DEL USUARIO (OCLC)
Datos de opción del usuario Validado. control de calidad. MFF
Existencias
Estado de retiro Estado de pérdida Restricciones de uso No para préstamo Código de colección Localización permanente Ubicación/localización actual Ubicación en estantería Fecha de adquisición Número de inventario Total de préstamos Signatura topográfica completa Código de barras Fecha visto por última vez Número de copia Precio válido a partir de Tipo de ítem Koha Nota pública
        Dominicana de Servicio General General Depósito 05.08.2015 LF1   972.9303 R311d 37931-30 25.06.2020 e. 3 25.06.2020 Libro y Folleto Colección Dominicana de Servicio Perteneció a la biblioteca personal de Chiqui Vicioso / Fidelio Despradel.
        Dominicana de Servicio General General Depósito 15.06.2018 LF1   972.9303 R311d 37931-40 25.06.2020 e. 4 25.06.2020 Libro y Folleto Colección Dominicana de Servicio  
        Dominicana de Servicio General General Depósito 30.05.2019 LF1   972.9303 R311d 37931-50 25.06.2020 e. 5 25.06.2020 Libro y Folleto Colección Dominicana de Servicio  
      Excluido de préstamo Patrimonio Dominicano Patrimonio Dominicano Patrimonio Dominicano Depósito 08.03.2013 LF1   972.9303 R311d 37931-10 25.06.2020   25.06.2020 Libro y Folleto Colección Patrimonio Dominicano  
      Excluido de préstamo Patrimonio Dominicano Patrimonio Dominicano Patrimonio Dominicano Depósito 03.10.2013 LF1   972.9303 R311d 37931-20 25.06.2020 e. 2 25.06.2020 Libro y Folleto Colección Patrimonio Dominicano  
        Patrimonio Dominicano Patrimonio Dominicano Patrimonio Dominicano Orden iniciada 08.03.2013 LF1   972.9303 R311d 37932-10 25.06.2020   25.06.2020 Libro y Folleto Colección Patrimonio Dominicano  

Con tecnología Koha